The teachings of Islam ; a solution of five fundamental religious problems from the Muslim point of view.

Bibliographic Details
Main Author: Ghulam, Ahmad, Kadiyani, Hazrat Mirza, 1839?-1908
Format: Book
Language:English
Published: Lahore : Ahmadia Anjuman Ishaat-i-Islam, 1957.
Edition:3d ed.
Subjects:

MARC

Tag First Indicator Second Indicator Subfields
LEADER 00000cam a2200000 4500
001 in00000038433
005 20151007081035.0
008 780706s1957 xx 00000 eng u
035 |a (OCoLC)04027068 
035 |9 AAF5787AM 
040 |c ACL  |d TXA  |d UtOrBLW 
049 |a TXAM  |c [336124] 
090 |a BP195.A5  |b A35 
092 |a 297  |b G427t, 1957 
100 1 |a Ghulam, Ahmad, Kadiyani,  |c Hazrat Mirza,  |d 1839?-1908. 
245 1 4 |a The teachings of Islam ;  |b a solution of five fundamental religious problems from the Muslim point of view. 
250 |a 3d ed. 
264 1 |a Lahore :  |b Ahmadia Anjuman Ishaat-i-Islam,  |c 1957. 
300 |a x, 212 pages ;  |c 19 cm. 
336 |a text  |b txt  |2 rdacontent 
337 |a unmediated  |b n  |2 rdamedia 
338 |a volume  |b nc  |2 rdacarrier 
650 0 |a Islam. 
999 |a MARS 
999 f f |s 4587791e-d177-3bf5-b22f-8b8e8866a713  |i ecac7d01-7129-3eaf-92ec-b6c7c3536970  |t 0 
952 f f |p ric  |a Texas A&M University  |b Rellis Campus  |c Joint Library Facility  |d Remote Storage  |t 0  |e BP195.A5 A35  |h Library of Congress classification  |i unmediated -- volume  |m A14800630852 
998 f f |a BP195.A5 A35  |t 0  |l Remote Storage